الجمباز التربوى للاطفال والناشئين EDUCATIONAL GYMNASTICS / (Record no. 39506)
[ view plain ]
| 000 -الفاتح | |
|---|---|
| حقل البيانات ثابتة الطول | 00674nam a2200205Ia 4500 |
| 008 - عناصر البيانات ثابتة الطول - معلومات عامة | |
| حقل البيانات ثابتة الطول | 140319s9999 xx 000 0 ara d |
| 040 ## - مصدر الفهرسة | |
| وكالة الفهرسة الأصلية | GCL / |
| وكالة النسخ | GCL |
| 082 04 - رقم تصنيف ديوى العشرى | |
| رقم التصنيف | 796.41 |
| رقم المادة | ا ج |
| 100 1# - المدخل الرئيسى - إسم شخصى | |
| الإسم الشخصى | امين انور الخولى |
| 245 10 - بيان العنوان | |
| العنوان | الجمباز التربوى للاطفال والناشئين EDUCATIONAL GYMNASTICS / |
| بيان المسئوليه,etc | امين انور الخولى |
| 700 1# - المدخل الاضافى - اسم شخصى | |
| الإسم الشخصى | عدلى حسين بيومى |
| 300 ## - الوصف المادى | |
| التعداد | 200 ص |
| 490 ## - بيان السلسلة | |
| عنوان السلسلة | برامج التربية الحركية |
| رقم المجلد/ التعيين التسلسلي | 0 |
| 650 04 - المدخل الاضافى بالموضوع-مصطلح موضوعى | |
| مصطلح موضوعي | الالعاب الرياضية |
| 650 04 - المدخل الاضافى بالموضوع-مصطلح موضوعى | |
| مصطلح موضوعي | العاب القوى |
| 650 04 - المدخل الاضافى بالموضوع-مصطلح موضوعى | |
| مصطلح موضوعي | الجمباز |
| 650 04 - المدخل الاضافى بالموضوع-مصطلح موضوعى | |
| مصطلح موضوعي | العاب القفز |
| 942 ## - عناصر المدخل الإضافي( كوها) | |
| مصدر التصنيف او مخطط الترفيف | Dewey Decimal Classification |
| Koha [default] item type | كتاب |
| حالة التراجع | حالة الفقد | حالة تلف | ليس للاعارة | المكان المؤقت | الموقع الحالى | تاريخ الاكتساب | اجمالي اﻻعارات | رقم الطلب | الباركود | تاريخ اخر مشاهدة | تاريخ تفعيل السعر | نوع وعاء كوها |
|---|---|---|---|---|---|---|---|---|---|---|---|---|
| مكتبة القاهرة الكبرى | مكتبة القاهرة الكبرى | 03/26/2014 | 796.41\ا ج | 96577 | 03/26/2014 | 03/26/2014 | كتاب | |||||
| مكتبة القاهرة الكبرى | مكتبة القاهرة الكبرى | 03/26/2014 | 796.41\ا ج | 96578 | 03/26/2014 | 03/26/2014 | كتاب | |||||
| مكتبة القاهرة الكبرى | مكتبة القاهرة الكبرى | 03/26/2014 | 796.41\ا ج | 96579 | 03/26/2014 | 03/26/2014 | كتاب |

